[Event "Amager-ch B"]
[Site "Amager"]
[Date "2013.11.05"]
[Round "8"]
[White "Hansen, Benny"]
[Black "Westhoff, Sune Andreas"]
[Result "0-1"]
[WhiteElo "1551"]
[BlackElo "1316"]
[PlyCount "52"]
[EventDate "2013.08.20"]
[EventType "swiss"]
[EventRounds "9"]
[EventCountry "DEN"]
[SourceTitle "EXT 2023"]
[Source "ChessBase"]
[SourceDate "2022.10.05"]
[SourceVersion "1"]
[SourceVersionDate "2022.10.05"]
[SourceQuality "1"]

1. d4 d5 2. Bf4 Nf6 3. e3 Nc6 4. Nc3 a6 5. Nf3 Bg4 6. Be2 e6 7. 0-0 Bd6 8. Ne5 Bxe2 9. Qxe2 h6 10. a3 Ne7 11. f3 Nh5 12. Rfe1 Nf5 13. Qd2 g5 14. g4 gxf4 15. gxf5 Bxe5 16. dxe5 Qg5+ 17. Kh1 fxe3 18. Qd3 Nf4 19. Rg1 Nxd3 20. Rxg5 Nf2+ 21. Kg2 hxg5 22. Ne2 c5 23. Ng3 d4 24. Ne4 Nxe4 25. fxe4 Kd7 26. f6 Rh5 0-1